Tajomný svet hlavolamov

Salvato in:
Dettagli Bibliografici
Autore principale: Goga, Marián
Natura: Libro
Lingua:slovacco
Pubblicazione: Bratislava Vydavateľstvo DAXE 2012
Soggetti:
Tags: Aggiungi Tag
Nessun Tag, puoi essere il primo ad aggiungerne!!

MARC

LEADER 00000nam a2200000 4500
001 0160421
005 20240502072801.1
020 |a 978-80-89429-21-9 
041 0 |a slo 
044 |a SK 
245 1 0 |a Tajomný svet hlavolamov  |c Marián Goga 
264 1 |a Bratislava  |b Vydavateľstvo DAXE  |c 2012 
300 |a 210 s. [10,5 AH] 
610 2 0 |a logika 
610 2 0 |a logika matematická 
100 1 |a Goga, Marián